Programming in prolog (Record no. 643)

MARC details
000 -LEADER
fixed length control field 00599 a2200193 4500
001 - CONTROL NUMBER
control field 066603
003 - CONTROL NUMBER IDENTIFIER
control field OSt
005 - DATE AND TIME OF LATEST TRANSACTION
control field 20211004114008.0
008 - FIXED-LENGTH DATA ELEMENTS--GENERAL INFORMATION
fixed length control field
082 ## - DEWEY DECIMAL CLASSIFICATION NUMBER
Classification number 005.133
Item number C62P
100 1# - MAIN ENTRY--PERSONAL NAME
Personal name Clocksin, William F.
245 1# - TITLE STATEMENT
Title Programming in prolog
Statement of responsibility, etc by William F. Clocksin and C.S. Mellish
250 ## - EDITION STATEMENT
Edition statement 4th ed.
260 ## - PUBLICATION, DISTRIBUTION, ETC. (IMPRINT)
Place of publication, distribution, etc New York
Name of publisher, distributor, etc Springer
Date of publication, distribution, etc 2004
300 ## - PHYSICAL DESCRIPTION
Extent 299p.
690 ## - LOCAL SUBJECT ADDED ENTRY--TOPICAL TERM (OCLC, RLIN)
Topical term or geographic name as entry element Prolog (Computer program language); Artificial intelligence; Computer science; Logic design; Data structures (Computer science)
700 ## - ADDED ENTRY--PERSONAL NAME
Personal name Mellish, C.S.
942 ## - ADDED ENTRY ELEMENTS (KOHA)
Source of classification or shelving scheme Dewey Decimal Classification
Koha item type Books
Holdings
Withdrawn status Lost status Source of classification or shelving scheme Damaged status Not for loan Collection code Home library Current library Date acquired Source of acquisition Cost, normal purchase price Full call number Barcode Date last seen Price effective from Koha item type
    Dewey Decimal Classification     General Text Book Central University Of Rajasthan Central University Of Rajasthan 07/03/2012 CSC 265.00 005.133 C62P 889 21/11/2024 02/09/2020 Books